[Event "Campeonato de España Absoluto"]
[Site "Ayamonte ESP"]
[Date "2007.11.11"]
[Round "2.14"]
[White "Del Rio Angelis, Salvador Gabriel"]
[Black "Khamrakulov, Ibragim S"]
[Result "1/2-1/2"]
[WhiteElo "2512"]
[BlackElo "2604"]
[PlyCount "40"]
[EventDate "2007.11.09"]
[EventType "k.o."]
[EventCountry "ESP"]
[Source "lmi"]
[SourceDate "2007.11.09"]

1. e4 c6 2. d4 d5 3. exd5 cxd5 4. c4 Nf6 5. Nc3 Nc6 6. Bg5 e6 7. Nf3 Be7 8. c5
O-O 9. Rc1 Ne4 10. Bxe7 Qxe7 11. Be2 Rd8 12. O-O e5 13. Nxe5 Nxe5 14. dxe5 Nxc3
15. Rxc3 d4 16. Rc2 Qxe5 17. Bd3 Be6 18. b4 a5 19. b5 Rac8 20. Re1 Qg5 1/2-1/2

[Event "Campeonato de España Absoluto"]
[Site "Ayamonte ESP"]
[Date "2007.11.12"]
[Round "2.21"]
[White "Moreno Ruiz, Javier"]
[Black "Illescas Cordoba, Miguel"]
[Result "1/2-1/2"]
[WhiteElo "2466"]
[BlackElo "2598"]
[PlyCount "77"]
[EventDate "2007.11.09"]
[EventType "k.o."]
[EventCountry "ESP"]
[Source "lmi"]
[SourceDate "2007.11.09"]

1. d4 d5 2. c4 c6 3. Nc3 dxc4 4. e4 b5 5. a4 b4 6. Nce2 Ba6 7. Nf3 e6 8. Ng3
Nf6 9. Bg5 Be7 10. Rc1 c3 11. bxc3 Bxf1 12. Kxf1 bxc3 13. Rxc3 O-O 14. h4 c5
15. Bxf6 gxf6 16. d5 Kh8 17. Rd3 c4 18. Rd4 Bc5 19. Rxc4 Nd7 20. Qc2 Qb6 21.
Ne1 Rac8 22. Rh3 Qa6 23. Ne2 Bxf2 24. Rxc8 Rxc8 25. Rc3 Rxc3 26. Qxc3 Bb6 27.
Qc6 Ne5 28. Qe8+ Kg7 29. dxe6 fxe6 30. Qe7+ Nf7 31. Qxe6 Qxa4 32. Nf4 Qb5+ 33.
Ned3 Be3 34. Qg4+ Kh6 35. Qg8 Bxf4 36. Qf8+ Kg6 37. Qg8+ Kh6 38. Qf8+ Kg6 39.
Qg8+ 1/2-1/2

[Event "Campeonato de España Absoluto"]
[Site "Ayamonte ESP"]
[Date "2007.11.12"]
[Round "2.23"]
[White "Oms Pallise, Josep"]
[Black "Lopez Martinez, Josep Manuel"]
[Result "0-1"]
[WhiteElo "2506"]
[BlackElo "2563"]
[PlyCount "158"]
[EventDate "2007.11.09"]
[EventType "k.o."]
[EventCountry "ESP"]
[Source "lmi"]
[SourceDate "2007.11.09"]

1. d4 g6 2. c4 Bg7 3. e4 c5 4. d5 d6 5. Nc3 e6 6. Bd3 Ne7 7. h4 h5 8. Nf3 exd5
9. cxd5 O-O 10. Bf4 a6 11. a4 Bg4 12. Be2 Qb6 13. Qd2 Bxf3 14. Bxf3 Nd7 15. Be2
Ne5 16. O-O f5 17. Bg5 Rae8 18. a5 Qc7 19. f3 fxe4 20. fxe4 Qd7 21. Rxf8+ Rxf8
22. Rf1 Rxf1+ 23. Kxf1 Kh7 24. Nd1 Ng8 25. b3 Nh6 26. Nf2 Nhf7 27. Bf4 Bf6 28.
g3 Bd8 29. Kg2 Kg7 30. Qc3 Kg8 31. Bd2 Bf6 32. Qc2 Qe7 33. Nh3 Nd7 34. Nf4 Nf8
35. Bc4 Ne5 36. Ne6 Nxc4 37. Qxc4 Nd7 38. Bf4 Be5 39. Bg5 Bf6 40. Bf4 Be5 41.
Bd2 Bf6 42. b4 Ne5 43. Qc2 cxb4 44. Bxb4 Qd7 45. Bd2 Qb5 46. Bf4 Qc4 47. Qxc4
Nxc4 48. Kf3 Kf7 49. Ke2 Ke7 50. Bh6 Nxa5 51. Bf8+ Kd7 52. Nf4 Be5 53. Nxg6
Bxg3 54. Kf3 Be5 55. Nf4 Bxf4 56. Kxf4 Nc4 57. Bg7 b5 58. Kf3 Ne5+ 59. Ke2 a5
60. Kd1 Ke7 61. Kc2 Nf3 62. Bh6 Kd7 63. Bg5 Kc7 64. Be7 Ne5 65. Kc3 Nd7 66. Kd4
b4 67. Kc4 Ne5+ 68. Kb3 Nd3 69. Kc4 Ne5+ 70. Kb3 Ng6 71. Bf6 Nf4 72. Kc4 Ng6
73. Kb5 Ne5 74. Ka4 Nd3 75. Bd4 Kb7 76. Kb3 Ka6 77. Kc4 Ne5+ 78. Bxe5 dxe5 79.
Kc5 b3 0-1

[Event "Campeonato de España Absoluto"]
[Site "Ayamonte ESP"]
[Date "2007.11.12"]
[Round "2.24"]
[White "Khamrakulov, Ibragim S"]
[Black "Del Rio Angelis, Salvador Gabriel"]
[Result "1-0"]
[WhiteElo "2604"]
[BlackElo "2506"]
[PlyCount "77"]
[EventDate "2007.11.09"]
[EventType "k.o."]
[EventCountry "ESP"]
[Source "lmi"]
[SourceDate "2007.11.09"]

1. e4 c5 2. Nf3 Nc6 3. c3 Nf6 4. e5 Nd5 5. Bc4 e6 6. O-O d6 7. d4 cxd4 8. cxd4
Be7 9. exd6 Qxd6 10. Nc3 Nxc3 11. bxc3 O-O 12. Re1 b6 13. Ng5 Bxg5 14. Bxg5 Bb7
15. Qg4 Ne7 16. Bxe6 fxe6 17. Rxe6 Qd7 18. Bxe7 Rfc8 19. Bf6 Rf8 20. Be5 Rf7
21. h3 Rc8 22. Re1 Bd5 23. Rd6 Qxg4 24. hxg4 Bxa2 25. d5 Re8 26. Ra1 Rxe5 27.
Rxa2 Rc7 28. Rd8+ Kf7 29. d6 Rb7 30. Ra4 Ke6 31. Re8+ Kf6 32. Rf4+ Kg5 33.
Rxe5+ Kxf4 34. Re7 Rb8 35. Rxa7 g5 36. Rxh7 Kxg4 37. Rc7 b5 38. Rc5 Kf4 39. Rd5
1-0

[Event "Campeonato de España Absoluto"]
[Site "Ayamonte ESP"]
[Date "2007.11.14"]
[Round "3.22"]
[White "Lopez Martinez, Josep Manuel"]
[Black "Khamrakulov, Ibragim S"]
[Result "1/2-1/2"]
[WhiteElo "2563"]
[BlackElo "2604"]
[PlyCount "45"]
[EventDate "2007.11.09"]
[EventType "k.o."]
[EventCountry "ESP"]
[Source "lmi"]
[SourceDate "2007.11.09"]

1. e4 c6 2. d4 d5 3. Nc3 dxe4 4. Nxe4 Nd7 5. Ng5 Ngf6 6. Bd3 e6 7. N1f3 Bd6 8.
Qe2 h6 9. Ne4 Nxe4 10. Qxe4 Nf6 11. Qe2 Qc7 12. Bd2 b6 13. O-O-O Bb7 14. Kb1
O-O-O 15. c4 c5 16. Bc3 Rhe8 17. Rhe1 Kb8 18. dxc5 Bxc5 19. Bc2 Rxd1+ 20. Rxd1
Rd8 21. Rxd8+ Qxd8 22. b4 Bd6 23. a3 1/2-1/2

[Event "Campeonato de España Absoluto"]
[Site "Ayamonte ESP"]
[Date "2007.11.14"]
[Round "3.31"]
[White "Illescas Cordoba, Miguel"]
[Black "San Segundo Carrillo, Pablo"]
[Result "1-0"]
[WhiteElo "2598"]
[BlackElo "2536"]
[PlyCount "43"]
[EventDate "2007.11.09"]
[EventType "k.o."]
[EventCountry "ESP"]
[Source "lmi"]
[SourceDate "2007.11.09"]

1. e4 c5 2. Nf3 Nc6 3. Bb5 g6 4. O-O Bg7 5. c3 Nf6 6. Re1 O-O 7. h3 e5 8. d4
cxd4 9. cxd4 exd4 10. e5 Nd5 11. Bg5 Qb6 12. Bc4 Qc5 13. Bxd5 Qxd5 14. Nc3 Qa5
15. Ne4 d6 16. Nf6+ Kh8 17. Re4 Nxe5 18. Nxe5 dxe5 19. Rh4 h6 20. Qc1 h5 21.
Qd1 Bg4 22. Qxg4 1-0

[Event "Campeonato de España Absoluto"]
[Site "Ayamonte ESP"]
[Date "2007.11.14"]
[Round "3.32"]
[White "Lopez Martinez, Josep Manuel"]
[Black "Khamrakulov, Ibragim S"]
[Result "1-0"]
[WhiteElo "2563"]
[BlackElo "2604"]
[PlyCount "75"]
[EventDate "2007.11.09"]
[EventType "k.o."]
[EventCountry "ESP"]
[Source "lmi"]
[SourceDate "2007.11.09"]

1. e4 c6 2. d4 d5 3. Nc3 dxe4 4. Nxe4 Nd7 5. Ng5 Ngf6 6. Bd3 e6 7. N1f3 Bd6 8.
Qe2 h6 9. Ne4 Nxe4 10. Qxe4 Nf6 11. Qe2 Qc7 12. Bd2 b6 13. O-O-O Bb7 14. Kb1
O-O-O 15. c4 c5 16. Bc3 cxd4 17. Nxd4 a6 18. Nf3 Kb8 19. Ne5 Ka7 20. f4 Qe7 21.
Rhf1 Bc5 22. g4 Bd4 23. Bxd4 Rxd4 24. g5 Nd7 25. Qe3 Rd6 26. g6 Nc5 27. gxf7
Rhd8 28. Bc2 Ne4 29. Rxd6 Nxd6 30. Bg6 Qf6 31. Rc1 Nf5 32. Bxf5 Qxf5+ 33. Ka1
g5 34. fxg5 Be4 35. f8=Q Rxf8 36. Nd7 Qf2 37. Qxe4 Qd2 38. Nxf8 1-0

[Event "Campeonato de España Absoluto"]
[Site "Ayamonte ESP"]
[Date "2007.11.14"]
[Round "3.41"]
[White "San Segundo Carrillo, Pablo"]
[Black "Illescas Cordoba, Miguel"]
[Result "1/2-1/2"]
[WhiteElo "2536"]
[BlackElo "2598"]
[PlyCount "50"]
[EventDate "2007.11.09"]
[EventType "k.o."]
[EventCountry "ESP"]
[Source "lmi"]
[SourceDate "2007.11.09"]

1. d4 d5 2. c4 c6 3. Nf3 Nf6 4. Nc3 dxc4 5. a4 Bf5 6. Ne5 e6 7. f3 c5 8. e4 Bg6
9. Be3 cxd4 10. Qxd4 Qxd4 11. Bxd4 Nfd7 12. Nxd7 Nxd7 13. Bxc4 Rc8 14. Ba2 a5
15. Ke2 Rg8 16. h4 h5 17. Nb5 Bc5 18. Bc3 b6 19. Rhd1 Ke7 20. Rd2 f6 21. Rad1
Rgd8 22. Na7 Rc7 23. Nb5 Rcc8 24. Nd6 Rb8 25. Nb5 Rbc8 1/2-1/2

[Event "Campeonato de España Absoluto"]
[Site "Ayamonte ESP"]
[Date "2007.11.14"]
[Round "3.42"]
[White "Khamrakulov, Ibragim S"]
[Black "Lopez Martinez, Josep Manuel"]
[Result "1-0"]
[WhiteElo "2604"]
[BlackElo "2563"]
[PlyCount "199"]
[EventDate "2007.11.09"]
[EventType "k.o."]
[EventCountry "ESP"]
[Source "lmi"]
[SourceDate "2007.11.09"]

1. e4 e5 2. Nf3 Nc6 3. Bc4 Bc5 4. c3 Nf6 5. d3 a6 6. Bb3 d6 7. h3 Ba7 8. Nbd2
O-O 9. Nf1 Be6 10. Ng3 h6 11. Be3 Bxe3 12. fxe3 d5 13. exd5 Nxd5 14. Qe2 Qd6
15. O-O f5 16. Nh4 f4 17. Ne4 Qd8 18. Ng6 Rf6 19. Nxf6+ Qxf6 20. exf4 Qxg6 21.
f5 Qg5 22. fxe6 Nf4 23. Qg4 Qxg4 24. hxg4 Re8 25. d4 Na5 26. dxe5 Nxb3 27. axb3
Nxe6 28. Rad1 Re7 29. b4 Kh7 30. g3 Kg6 31. Kg2 Kg5 32. Kh3 Kg6 33. Rf5 Ng5+
34. Kg2 h5 35. Rf4 hxg4 36. Rxg4 Rxe5 37. Rd2 a5 38. Rc4 axb4 39. Rxb4 b6 40.
Rbd4 Ne6 41. Rd5 Re4 42. Kf3 Rc4 43. Re2 Kf6 44. Kg2 Rc6 45. Rd7 Kg6 46. Rf2
Nc5 47. Re7 Ne6 48. Kh3 Ng5+ 49. Kg4 Ne6 50. b3 Ng5 51. c4 Ne6 52. Rf5 Rd6 53.
Rd5 Rc6 54. Rdd7 Kf6 55. Rf7+ Kg6 56. Rf5 Kh6 57. Kh4 Kg6 58. g4 Kh6 59. Re5
Kg6 60. b4 Kf6 61. Rf5+ Kg6 62. Re7 Rd6 63. Rd5 Rc6 64. b5 Kf6 65. Re8 Rc5 66.
Kg3 Rxd5 67. cxd5 Nd4 68. Kf4 Nxb5 69. g5+ Kf7 70. Rc8 Ke7 71. Ke5 Kf7 72. Rd8
Ke7 73. Rh8 Nd6 74. g6 Nc4+ 75. Kf5 Nd6+ 76. Kg5 Ne4+ 77. Kh5 Nf6+ 78. Kg5 Ne4+
79. Kf4 Nd6 80. Rh1 Kf6 81. Rc1 Ne8 82. Rc6+ Ke7 83. Ke5 Kd7 84. Rc1 Nd6 85.
Rf1 Ke7 86. Rf4 b5 87. Kd4 Kd7 88. Kc5 Nb7+ 89. Kxb5 Nd8 90. Kc5 Ke7 91. Kd4 c6
92. Kc5 cxd5 93. Kxd5 Kd7 94. Rb4 Ke7 95. Rb6 Kd7 96. Ra6 Ke7 97. Ke5 Kd7 98.
Ra7+ Ke8 99. Rxg7 Nc6+ 100. Kf6 1-0

[Event "Campeonato de España Absoluto"]
[Site "Ayamonte ESP"]
[Date "2007.11.14"]
[Round "3.52"]
[White "Khamrakulov, Ibragim S"]
[Black "Lopez Martinez, Josep Manuel"]
[Result "0-1"]
[WhiteElo "2604"]
[BlackElo "2563"]
[PlyCount "128"]
[EventDate "2007.11.09"]
[EventType "k.o."]
[EventCountry "ESP"]
[Source "lmi"]
[SourceDate "2007.11.09"]

1. e4 e6 2. d4 d5 3. Nd2 Be7 4. e5 c5 5. Qg4 Bf8 6. dxc5 Qc7 7. Ngf3 Nd7 8. Bb5
Qxc5 9. c4 a6 10. Nb3 Qc7 11. Bxd7+ Qxd7 12. O-O dxc4 13. Qxc4 Ne7 14. Nc5 Qd5
15. Qc2 Nc6 16. Be3 Nxe5 17. Nxe5 Qxe5 18. Rad1 Be7 19. Bd4 Qg5 20. Ne4 Qg6 21.
Rfe1 O-O 22. Bc5 Bxc5 23. Qxc5 Qf5 24. Qc7 e5 25. Ng3 Qe6 26. b3 f6 27. Rd8 Qc6
28. Qe7 Rxd8 29. Qxd8+ Kf7 30. Ne4 b5 31. Nd6+ Ke6 32. Qg8+ Kxd6 33. Rd1+ Kc7
34. Qxg7+ Bd7 35. Qe7 Re8 36. Qa3 Kb7 37. Rc1 Qb6 38. Qb4 Bc6 39. Qd6 Qc7 40.
Qc5 Rd8 41. h3 Qd6 42. Qe3 Qd5 43. f3 Qd4 44. Qxd4 Rxd4 45. Rc2 Kb6 46. Kf2 b4
47. Ke3 a5 48. h4 Bb5 49. Rc8 Rd3+ 50. Ke4 Rd2 51. Rf8 Rxa2 52. Rxf6+ Kc5 53.
g4 Rb2 54. Kxe5 Rxb3 55. h5 Re3+ 56. Kf4 Re7 57. g5 b3 58. g6 hxg6 59. hxg6 b2
60. Rf5+ Kb4 61. Rf7 Re8 62. g7 b1=Q 63. Rf8 Qc1+ 64. Kf5 Qc5+ 0-1

[Event "Campeonato de España Absoluto"]
[Site "Ayamonte ESP"]
[Date "2007.11.14"]
[Round "3.62"]
[White "Lopez Martinez, Josep Manuel"]
[Black "Khamrakulov, Ibragim S"]
[Result "0-1"]
[WhiteElo "2563"]
[BlackElo "2604"]
[PlyCount "110"]
[EventDate "2007.11.09"]
[EventType "k.o."]
[EventCountry "ESP"]
[Source "lmi"]
[SourceDate "2007.11.09"]

1. Nf3 c5 2. c4 Nc6 3. d4 cxd4 4. Nxd4 f5 5. Nc3 g6 6. e3 Bg7 7. Be2 Nf6 8. O-O
O-O 9. Bf3 e5 10. Ndb5 e4 11. Be2 a6 12. Nd6 b6 13. b3 Ne8 14. Bb2 Nxd6 15.
Qxd6 Qf6 16. Qd2 Qf7 17. Nd5 Rb8 18. Bxg7 Qxg7 19. Rfd1 g5 20. Rac1 Ne5 21. Nc7
Bb7 22. Qd6 f4 23. Nd5 f3 24. Bf1 Bc6 25. g3 Nf7 26. Qf6 Bxd5 27. Qxg7+ Kxg7
28. Rxd5 d6 29. Bh3 Rfe8 30. Rcd1 h6 31. Bg4 Rb7 32. Bh5 b5 33. cxb5 Rxb5 34.
R5d2 d5 35. Bxf7 Kxf7 36. Rc2 Re6 37. g4 Ke7 38. h3 Kd6 39. Kh2 Rc5 40. Rdc1
Rxc2 41. Rxc2 Re8 42. Kg3 Rb8 43. h4 a5 44. hxg5 hxg5 45. Rc1 Rh8 46. Rd1 Ke5
47. Rc1 Kd6 48. Rd1 Kc5 49. a3 Rb8 50. Rc1+ Kd6 51. Rb1 Rc8 52. b4 a4 53. b5
Rc3 54. b6 Rb3 55. Rh1 Ke5 0-1

[Event "Campeonato de España Absoluto"]
[Site "Ayamonte ESP"]
[Date "2007.11.14"]
[Round "3.72"]
[White "Lopez Martinez, Josep Manuel"]
[Black "Khamrakulov, Ibragim S"]
[Result "1-0"]
[WhiteElo "2563"]
[BlackElo "2604"]
[PlyCount "91"]
[EventDate "2007.11.09"]
[EventType "k.o."]
[EventCountry "ESP"]
[Source "lmi"]
[SourceDate "2007.11.09"]

1. e4 c5 2. Nf3 e6 3. d4 cxd4 4. Nxd4 Qb6 5. Nb3 Nc6 6. Nc3 Nf6 7. Bd3 d5 8.
exd5 Nxd5 9. Nxd5 exd5 10. O-O Be7 11. Qh5 Be6 12. Bd2 g6 13. Qh6 O-O-O 14. a3
Bf6 15. Rab1 Ne5 16. Ba5 Qd6 17. Bxd8 Rxd8 18. Qf4 Bg7 19. Nd4 g5 20. Qg3 h6
21. Rbe1 Nxd3 22. Qxd3 a6 23. b4 Bd7 24. Nf5 Qf6 25. Nxg7 Qxg7 26. Qxd5 Be6 27.
Qc5+ Kb8 28. Rd1 Rc8 29. Qd6+ Ka8 30. Qe7 Qc3 31. Rd8 Qxc2 32. h3 Kb8 33. Rxc8+
Qxc8 34. Rd1 Qc2 35. Rd8+ Bc8 36. Qd6+ Ka8 37. Qc5 Qxc5 38. bxc5 Kb8 39. Rh8
Kc7 40. Rxh6 Be6 41. Rh5 f6 42. Rh6 Bd5 43. Rxf6 Bc6 44. g3 a5 45. h4 gxh4 46.
gxh4 1-0

[Event "Campeonato de España Absoluto"]
[Site "Ayamonte ESP"]
[Date "2007.11.15"]
[Round "4.11"]
[White "Lopez Martinez, Josep Manuel"]
[Black "Illescas Cordoba, Miguel"]
[Result "0-1"]
[WhiteElo "2563"]
[BlackElo "2598"]
[PlyCount "140"]
[EventDate "2007.11.09"]
[EventType "k.o."]
[EventCountry "ESP"]
[Source "lmi"]
[SourceDate "2007.11.09"]

1. e4 c5 2. Nf3 Nc6 3. Bb5 e6 4. O-O Nge7 5. Re1 a6 6. Bf1 d5 7. exd5 Nxd5 8.
d4 Be7 9. dxc5 O-O 10. a3 a5 11. Nd4 Nxd4 12. Qxd4 Qc7 13. Nc3 Nxc3 14. Qxc3
Qxc5 15. Qxc5 Bxc5 16. Rd1 b6 17. Bf4 Bb7 18. Bb5 Rfd8 19. Bc7 Rd5 20. c4 Rg5
21. Bg3 h5 22. b4 axb4 23. axb4 Rxa1 24. Rxa1 Bxb4 25. h4 Rxg3 26. fxg3 Bc5+
27. Kh2 Be4 28. Rd1 Kf8 29. Rd7 e5 30. Ba4 Bf5 31. Rd5 Bd4 32. Rd8+ Ke7 33. Rg8
g6 34. Re8+ Kd6 35. Bd1 Be6 36. Be2 e4 37. Ra8 Kc5 38. Re8 Be5 39. Rd8 Kb4 40.
Re8 Kc3 41. Kg1 Bxg3 42. Kf1 Kd2 43. Ra8 Be5 44. Re8 Bd4 45. g4 hxg4 46. Rxe6
fxe6 47. Bxg4 Kd3 48. Be2+ Kc3 49. Kg2 Bf6 50. Kf2 Bd4+ 51. Kf1 Bc5 52. Kg2 Kd4
53. Kf1 Be7 54. h5 gxh5 55. Bxh5 Kxc4 56. Ke2 Bg5 57. Bf7 Kd5 58. Be8 Kc5 59.
Bf7 e5 60. Bg6 e3 61. Kd3 b5 62. Bh5 Kb4 63. Be8 e4+ 64. Ke2 Kc5 65. Kd1 b4 66.
Bf7 Kd4 67. Ke2 Kc3 68. Bd5 b3 69. Bxe4 Kb2 70. Bd5 Kc2 0-1

[Event "Campeonato de España Absoluto"]
[Site "Ayamonte ESP"]
[Date "2007.11.16"]
[Round "4.22"]
[White "Khamrakulov, Ibragim S"]
[Black "San Segundo Carrillo, Pablo"]
[Result "1/2-1/2"]
[WhiteElo "2604"]
[BlackElo "2536"]
[PlyCount "45"]
[EventDate "2007.11.09"]
[EventType "k.o."]
[EventCountry "ESP"]
[Source "lmi"]
[SourceDate "2007.11.09"]

1. e4 c5 2. Nf3 e6 3. c4 d6 4. Nc3 e5 5. g3 Nc6 6. Bg2 Be7 7. d3 Bg4 8. h3 Bxf3
9. Bxf3 Bg5 10. Be3 h6 11. Qd2 Nd4 12. Bd1 Bxe3 13. fxe3 Nc6 14. O-O Nf6 15.
Rf2 h5 16. Ba4 h4 17. g4 Nh7 18. Bxc6+ bxc6 19. d4 Ng5 20. Kg2 cxd4 21. exd4
Ne6 22. Ne2 c5 23. d5 1/2-1/2

[Event "Campeonato de España Absoluto"]
[Site "Ayamonte ESP"]
[Date "2007.11.16"]
[Round "4.32"]
[White "Khamrakulov, Ibragim S"]
[Black "San Segundo Carrillo, Pablo"]
[Result "1/2-1/2"]
[WhiteElo "2604"]
[BlackElo "2536"]
[PlyCount "57"]
[EventDate "2007.11.09"]
[EventType "k.o."]
[EventCountry "ESP"]
[Source "lmi"]
[SourceDate "2007.11.09"]

1. e4 c5 2. Nf3 Nc6 3. c3 d5 4. exd5 Qxd5 5. d4 Bg4 6. Be2 cxd4 7. cxd4 e6 8.
h3 Bh5 9. O-O Nf6 10. Nc3 Qa5 11. Qb3 Qb4 12. Be3 Qxb3 13. axb3 Bd6 14. g4 Bg6
15. Ne5 O-O 16. Nxc6 bxc6 17. Ra6 Rfc8 18. Rfa1 Rab8 19. Nb5 cxb5 20. Rxd6 h6
21. Rda6 Rc2 22. Bd1 Rxb2 23. Rxa7 Nd5 24. Bc1 Rb1 25. Rxb1 Bxb1 26. Bf3 Bc2
27. Bxd5 exd5 28. b4 Rc8 29. Rb7 1/2-1/2